Science Quiz

Random Science or Numbers Quiz

Fun With 1234 Quiz Stats

 Plays Quiz Updated Mar 6, 2020

Support Sporcle.
Go Orange.
Score 0/20 Timer 06:00
0 Plays Today
Equation Order % Correct
_ ⁄ _ – _ + _ = 04 ⁄ 2 – 3 + 1
94.2%
_ * _ – _ ⁄ _ = 13 * 1 – 4 ⁄ 2
67.2%
_ – _ + _ * _ = 12 – 4 + 3 * 1
61.8%
_ + _ ⁄ _ – _ = 13 + 2 ⁄ 1 – 4
45.4%
_ + _ – _ ⁄ _ = 21 + 3 – 4 ⁄ 2
41.5%
_ * _ + _ – _ = 31 * 4 + 2 – 3
38.2%
_ * _ ⁄ _ – _ = 22 * 3 ⁄ 1 – 4
36%
_ ⁄ _ + _ * _ = 54 ⁄ 2 + 1 * 3
30.9%
_ – _ ⁄ _ + _ = 34 – 3 ⁄ 1 + 2
30.1%
_ – _ * _ + _ = 53 – 1 * 2 + 4
29%
Equation Order % Correct
_ – _ + _ ⁄ _ = 43 – 1 + 4 ⁄ 2
27.5%
_ ⁄ _ * _ + _ = 143 ⁄ 1 * 4 + 2
21.8%
_ ⁄ _ * _ + _ = 73 ⁄ 2 * 4 + 1
21.4%
_ + _ * _ – _ = 61 + 2 * 4 – 3
20.6%
_ ⁄ _ * _ – _ = 104 ⁄ 1 * 3 – 2
20.1%
_ * _ – _ + _ = 92 * 3 – 1 + 4
19.8%
_ – _ + _ * _ = 132 – 1 + 3 * 4
17.4%
_ * _ ⁄ _ + _ = 112 * 4 ⁄ 1 + 3
15.6%
_ + _ ⁄ _ * _ = 104 + 3 ⁄ 1 * 2
15.3%
_ + _ * _ ⁄ _ = 113 + 4 * 2 ⁄ 1
14.8%

From the Vault

Typing Challenge: 100 'D' Words

by beforever

This quiz is delightful, delicious, and de-lovely.
Remove Ads.
Support Sporcle.
Get the best of Sporcle when you Go Orange. This ad-free experience offers more features, more stats, and more fun while also helping to support Sporcle. Thank you for becoming a member.

Show Comments

Extras

Top Quizzes Today


Score Distribution

Your Account Isn't Verified!

In order to create a playlist on Sporcle, you need to verify the email address you used during registration. Go to your Sporcle Settings to finish the process.

Report this User

Report this user for behavior that violates our Community Guidelines.

Details: